Estadísticas para Alfabeto radiofónico

Haz click aquí para tomar la prueba!

Estadísticas generales

  • Esta prueba ha sido tomada 1,029 veces
  • La puntuación promedio es 13 de 27

Estadísticas de respuestas

Letra Palabra % Correcto
AAlfa
98%
DDelta
77%
CCharlie
76%
BBravo
71%
TTango
58%
KKilo
52%
ZZulu
52%
FFoxtrot
50%
IIndia
47%
EEcho
46%
LLima
45%
HHotel
44%
RRomeo
44%
GGolf
42%
XX-Ray
41%
OOscar
41%
JJuliet
40%
PPapa
39%
SSierra
38%
QQuebec
36%
NNovember
35%
UUniform
35%
VVictor
34%
WWhiskey
34%
MMike
34%
YYankee
33%
ÑÑoño
20%

Distribución de puntuación

Porcentaje por número respondido

Porcentaje de gente con cada puntuación

Historial de tus puntuaciones

No has tomado esta prueba